000 00444nam a22001337a 4500
020 _a0-13-323213-1
082 _a620.106 WAT'F
100 _aWATTON, J
_967405
245 _aFLUID POWER SYSTEMS, MODELING,SIMULATION,ANALOG AND MICROCOMPUTER CONTROL
260 _aNEW YORK
_bPRENTICE HALL
_c1989
300 _aXV,490P
650 _aFLUID POWER TECHNOLOGY- COMPUTER SIMULATION HYDRAULIC CONTROL-DATA PROCESSING MICROCOMPUTER
_967406
942 _cBK
999 _c575196
_d575196